Hunger : Die Welternahrung zwischen hoffnung und Skandal

Gardado en:
Detalles Bibliográficos
Autor Principal: Holenstein, Anne- Marie
Formato: Libro
Idioma:Undetermined
Publicado: Paris Fischer Taschenbuch Verlag 1976
Những chủ đề:
Các nhãn: Engadir etiqueta
Sen Etiquetas, Sexa o primeiro en etiquetar este rexistro!
Thư viện lưu trữ: Trung tâm Học liệu Trường Đại học Cần Thơ
LEADER 00535nam a2200193Ia 4500
001 CTU_77418
008 210402s9999 xx 000 0 und d
082 |a 808.13 
082 |b H729 
100 |a Holenstein, Anne- Marie 
245 0 |a Hunger : 
245 0 |b Die Welternahrung zwischen hoffnung und Skandal 
245 0 |c Anne- Marie Holenstein 
260 |a Paris 
260 |b Fischer Taschenbuch Verlag 
260 |c 1976 
650 |a Hunger 
904 |i Trọng Hải 
980 |a Trung tâm Học liệu Trường Đại học Cần Thơ